000 00408 a2200133 4500
001 90549
082 _aPR 962
090 _c42884
_d42884
100 _aNabeel Arif & Nasir Mehmud; M H Mughal ; Irfan ul Haq, advisors
245 _aTo improve the facilities at lycoming engine test bed RR
_nG-27
260 _aKarachi
_bNED University
_c1988
300 _ax, 95 p.
_bhand written
500 _aBE Project Reports
942 _aCAE NUST
_kPR 962
999 _c325622
_d325622